| 000 | 00887cab a2200229 4500 | ||
|---|---|---|---|
| 001 | ABS43875 | ||
| 008 | 090401t1990 xxu||||| |||| 00| 0 eng d | ||
| 035 | _a(Sirsi) u44020 | ||
| 041 | _aeng | ||
| 100 | _aMartin, D. | ||
| 245 | _aDiscounted cashflows | ||
| 260 | _c1990 | ||
| 350 | _a0 | ||
| 490 |
_aJournal of Property Valuation and Investment _v9(1) Autumn 1990, 59-64(6) |
||
| 520 | _aThe use of discounted cashflow , once used for properties let on index-linked leases, which are short leasehold, is now being used in the appraisal of larger development projects as well as being used for investment appraisals In this article the author examines those areas where DCFs are becoming more regularly used. | ||
| 650 | _aDEVELOPMENT APPRAISAL | ||
| 650 | _aINVESTMENT | ||
| 650 |
_aValuation _96273 |
||
| 690 | _aRATING AND VALUATION | ||
| 942 | _n0 | ||
| 948 | _c04/03/1997 | ||
| 999 |
_c28065 _d28065 |
||